Guatemala: evolución económica durante 1993
Tallennettuna:
| Yhteisötekijä: | |
|---|---|
| Aineistotyyppi: | Teksti |
| Julkaistu: |
México D.F.:
CEPAL
|
| Tagit: |
Lisää tagi
Ei tageja, Lisää ensimmäinen tagi!
|
MARC
| LEADER | 00000 a a2200000 04500 | ||
|---|---|---|---|
| 001 | 25192 | ||
| 003 | |||
| 040 | |||
| 090 | |a 180200 | ||
| 110 | |a Naciones Unidas | ||
| 245 | |a Guatemala: evolución económica durante 1993 | ||
| 260 | |a México D.F.: |b CEPAL | ||
| 300 | |a 39 p. |b **no definido** | ||
| 999 | |c 7054 |d 7054 | ||
